000
00337nam a22001457a 4500
008
221121b ||||| |||| 00| 0 eng d
020
_a
9780521340007
041
_a
eng
080
_a
30
082
_a
30
100
_a
32 FEY
101
_a
JURED
245
_a
ELEMENTARY PARTICLES AND THE LAWS OF PHYSICS
_c
FEYNMAN R
942
_2
udc
_c
BK
999
_c
58971
_d
58971